Oracle Database 11G: The Complete Reference

Na minha lista:
Detalhes bibliográficos
Autor principal: Loney, Kevin
Formato: Livro
Publicado em: India Mc Graw Hill India 2008
Assuntos:
Tags: Adicionar Tag
Sem tags, seja o primeiro a adicionar uma tag!
Thư viện lưu trữ: Trung tâm Học liệu Lê Vũ Hùng, Trường Đại học Đồng Tháp
LEADER 00721pam a22002418a 4500
001 00043595
005 20190221160230.0
008 110422s1994 ||||||Viesd
020 # # |a 9780521357708  |c 0 
041 0 # |a Vie 
082 1 4 |a 005.4  |b O400R 
100 0 # |a Loney, Kevin 
245 0 0 |a Oracle Database 11G: The Complete Reference  |c Kevin Loney 
260 # # |a India  |b Mc Graw Hill India  |c 2008 
300 # # |a 1334 tr.  |c 25 cm. 
653 # # |a Hệ điều hành 
653 # # |a Lập trình 
653 # # |a Oracle 
653 # # |a Sử dụng 
653 # # |a Tin học 
852 # # |j KD.0024459 
910 # # |e ilib  |f 21/02/2019  |d 21/02/2019 
980 # # |a Trung tâm Học liệu Lê Vũ Hùng, Trường Đại học Đồng Tháp